World resources and industries: A functional appraisal of the availability of agticulture and industrial materials
Kaydedildi:
| Yazar: | |
|---|---|
| Materyal Türü: | Kitap |
| Dil: | Undetermined |
| Baskı/Yayın Bilgisi: |
New York
Happer and Brother Publisher
1951
|
| Konular: | |
| Etiketler: |
Etiketle
Etiket eklenmemiş, İlk siz ekleyin!
|
| Thư viện lưu trữ: | Trung tâm Học liệu Trường Đại học Cần Thơ |
|---|
| LEADER | 00638nam a2200193Ia 4500 | ||
|---|---|---|---|
| 001 | CTU_126108 | ||
| 008 | 210402s9999 xx 000 0 und d | ||
| 082 | |a 333.7 | ||
| 082 | |b Z73 | ||
| 100 | |a Zimmermann, Erich W. | ||
| 245 | 0 | |a World resources and industries: | |
| 245 | 2 | |b A functional appraisal of the availability of agticulture and industrial materials | |
| 245 | 0 | |c Erich W. Zimmermann | |
| 260 | |a New York | ||
| 260 | |b Happer and Brother Publisher | ||
| 260 | |c 1951 | ||
| 650 | |a Commercial geography.,Natural resources,Economic geography | ||
| 904 | |i Nguyên | ||
| 980 | |a Trung tâm Học liệu Trường Đại học Cần Thơ | ||